000
00275nam a2200109Ia 4500
008
190914s9999||||xx |||||||||||||| ||und||
100
_a
S.C.Gupta
245
0
_a
Advanced Human Resource Management
260
_a
New Delhi
_b
All Books India
_c
2005
300
_a
640
942
_c
BK
999
_c
9710
_d
9710